000 00563nam a2200181Ia 4500
008 240729s9999 xx 000 0 und d
022 _a2769-6510
245 0 _aExploration of Neuroprotective Therapy
260 _aChina
260 _bOpen Exploration Publishing Inc.
650 _a Internal medicine
650 _a Neurology. Diseases of the nervous system
650 _a Neurosciences. Biological psychiatry. Neuropsychiatry
650 _aMedicine
856 _uhttps://doaj.org/toc/9e686ca5d9e242b39afe63b5cc25c5cb
942 _2ddc
942 _cDOAJEJ
999 _c71275
_d71275
945 _a1
_bMadushi Gamage
_c1
_dMadushi Gamage